Modern Names of Asian Cities and Countries - Statistics

General Stats
  • This quiz has been taken 24 times
  • The average score is 15 of 20
Answer Stats
Hint Answer % Correct
Peking Beijing
100%
Dutch East Indies Indonesia
100%
Bombay Mumbai
100%
French Indochina Vietnam, Laos, Cambodia
100%
British Malaya Malaysia
95%
Saigon Ho Chi Minh City
91%
Calcutta Kolkata
91%
Burma Myanmar
91%
Ceylon Sri Lanka
91%
Formosa Taiwan
86%
Siam Thailand
86%
Batavia Jakarta
73%
Rangoon Yangon
73%
Canton Guangzhou
68%
Madras Chennai
64%
Bangalore Bengaluru
59%
Poona Pune
55%
Foochow Fuzhou
45%
Cawnpore Kanpur
32%
Celebes Sulawesi
27%
No matching quizzes found
Score Distribution
Percent of People with Each Score
Percentile by Number Answered
Your Score History
You have not taken this quiz